00466nam a2200169Ia 450000500170000000800460001703700130006304000210007604100130009708400270011010000180013724500350015526000470019030000140023736500140025165000310026520250508154456.0008 250505s9999 xx 000 0 eng d aTextBook aFEDL bengcFEDL aeng2eng a370.10954, KAB/RqFEDL aKabir Humayun 0aIndian philosophy of education aBombay, IndiabAsia Publishing Housec1961 aviii,254p aINRb12.5 aEducation-Philosophy-India